|
|
|
|
| LEADER |
00000cam a2200000 cc4500 |
| 001 |
1336139455 |
| 003 |
DE-627 |
| 005 |
20220526135457.0 |
| 007 |
tu |
| 008 |
070629s2006 xx ||||| 00| ||eng c |
| 020 |
|
|
|a 9058502317
|9 90-5850-231-7
|
| 020 |
|
|
|a 9789058502315
|9 978-90-5850-231-5
|
| 035 |
|
|
|a (DE-627)1336139455
|
| 035 |
|
|
|a (DE-576)266139450
|
| 035 |
|
|
|a (DE-599)BSZ266139450
|
| 040 |
|
|
|a DE-627
|b ger
|c DE-627
|e rakwb
|
| 041 |
|
|
|a eng
|
| 245 |
0 |
4 |
|a The United Nations and the fight against terrorism
|n 1
|c Tessa van Lieshout ... (eds.)
|
| 264 |
|
1 |
|a Nijmegen
|b Wolf
|c 2006
|
| 300 |
|
|
|a X, 560 S.
|b Ill., graph. Darst., Kt.
|
| 336 |
|
|
|a Text
|b txt
|2 rdacontent
|
| 337 |
|
|
|a ohne Hilfsmittel zu benutzen
|b n
|2 rdamedia
|
| 338 |
|
|
|a Band
|b nc
|2 rdacarrier
|
| 583 |
1 |
|
|a Archivierung prüfen
|c 20200919
|f DE-640
|z 1
|2 pdager
|
| 773 |
1 |
8 |
|a The United Nations and the fight against terrorism United Nations, multilateral and regional conventions
|w (DE-627)1333779003
|w (DE-576)263779009
|g 1
|q 1
|7 nnam
|
| 935 |
|
|
|a mkri
|
| 951 |
|
|
|a MV
|
| ELC |
|
|
|b 1
|
| LOK |
|
|
|0 000 xxxxxcx a22 zn 4500
|
| LOK |
|
|
|0 001 2536969525
|
| LOK |
|
|
|0 003 DE-627
|
| LOK |
|
|
|0 004 1336139455
|
| LOK |
|
|
|0 005 20070629141743
|
| LOK |
|
|
|0 008 070629||||||||||||||||ger|||||||
|
| LOK |
|
|
|0 040
|a DE-Frei85
|c DE-627
|d DE-Frei85
|
| LOK |
|
|
|0 852
|a DE-Frei85
|
| LOK |
|
|
|0 852 1
|m p
|9 00
|
| LOK |
|
|
|0 938
|k p
|
| LOK |
|
|
|0 939
|a 29-06-07
|b l01
|
| ORI |
|
|
|a SA-MARC-krimdoka001.raw
|